Normal view
MARC view
- Bowles, Joseph E
Entry Personal Name
001 - CONTROL NUMBER
- control field: 7396
003 - CONTROL NUMBER IDENTIFIER
- control field: OSt
005 - DATE AND TIME OF LATEST TRANSACTION
- control field: 20250415120327.0
008 - FIXED-LENGTH DATA ELEMENTS
- fixed length control field: 250415|| aca||aabn | a|a d
040 ## - CATALOGING SOURCE
- Original cataloging agency: OSt
- Transcribing agency: OSt
100 ## - HEADING--PERSONAL NAME
- Personal name: Bowles, Joseph E
670 ## - SOURCE DATA FOUND
- Source citation: Work cat.: (OSt)9451: Bowles, Joseph E., Physical and geo-technical properties of soils / , 1984.
